| Tag |
First Indicator |
Second Indicator |
Subfields |
| LEADER |
00000cam a2200000 4500 |
| 001 |
in00000037055 |
| 005 |
20151007070403.0 |
| 008 |
750217s1953 enka 00000 eng u |
| 010 |
|
|
|a 53010268
|
| 035 |
|
|
|a (OCoLC)01178819
|
| 035 |
|
|
|9 AAE3918AM
|
| 040 |
|
|
|c MDY
|d TXA
|d UtOrBLW
|
| 049 |
|
|
|a TXAM
|c [222239]
|
| 050 |
|
0 |
|a QH309
|b .G3
|
| 082 |
0 |
|
|a 574
|
| 092 |
|
|
|a 574
|b G194m
|
| 100 |
1 |
|
|a Gamow, George,
|d 1904-1968.
|
| 245 |
1 |
0 |
|a Mr. Tompkins learns the facts of life /
|c Illustrated by the author.
|
| 264 |
|
1 |
|a Cambridge [England] :
|b University Press,
|c 1953.
|
| 300 |
|
|
|a 87 pages :
|b illustrations ;
|c 22 cm.
|
| 336 |
|
|
|a text
|b txt
|2 rdacontent
|
| 337 |
|
|
|a unmediated
|b n
|2 rdamedia
|
| 338 |
|
|
|a volume
|b nc
|2 rdacarrier
|
| 650 |
|
0 |
|a Biology.
|
| 999 |
|
|
|a MARS
|
| 999 |
f |
f |
|s 3717fa32-4bd3-32c5-94ab-ce5dacb7947a
|i 1c04a5fb-1b17-38b0-a076-bc6e04824396
|t 0
|
| 952 |
f |
f |
|p ric
|a Texas A&M University
|b Rellis Campus
|c Joint Library Facility
|d Remote Storage
|t 0
|e QH309 .G3
|h Library of Congress classification
|i unmediated -- volume
|m A14800970456
|
| 998 |
f |
f |
|a QH309 .G3
|t 0
|l Remote Storage
|